[Event "Russia-chB (Women)"]
[Site "Kolontaevo"]
[Date "1998.??.??"]
[Round "?"]
[White "Kosteniuk, Alexandra"]
[Black "Turkova, Olga"]
[Result "1-0"]
[WhiteElo "2260"]
[BlackElo "2160"]
[PlyCount "151"]
[EventDate "1998.??.??"]
[EventType "swiss"]
[EventRounds "9"]
[EventCountry "RUS"]
[SourceTitle "EXT 2000"]
[Source "ChessBase"]
[SourceDate "1999.11.16"]
[SourceVersion "1"]
[SourceVersionDate "1999.11.16"]
[SourceQuality "1"]

1. e4 e6 2. d4 d5 3. Nd2 c5 4. exd5 Qxd5 5. Ngf3 cxd4 6. Bc4 Qd6 7. O-O Nf6 8.
Nb3 Nc6 9. Nbxd4 Nxd4 10. Nxd4 a6 11. Bb3 Qc7 12. Qf3 Bd6 13. h3 O-O 14. Bg5
Be5 15. c3 h6 16. Bh4 Bd7 17. Rad1 Rfd8 18. Rfe1 Rac8 19. Bc2 Be8 20. Re2 Rd7
21. Bb1 Rd5 22. Rde1 Bxd4 23. cxd4 Nh7 24. Bg3 Qd8 25. Be5 Ng5 26. Qg3 f6 27.
h4 fxe5 28. hxg5 Qxg5 29. Qxg5 hxg5 30. dxe5 Bb5 31. Re3 Rd2 32. Rb3 Rf8 33. f3
Rfd8 34. Be4 Bc6 35. Kh2 Bxe4 36. Rxe4 b5 37. Rg4 R8d3 38. Rbb4 Rxf3 39. Rxg5
Rff2 40. Rbg4 Rf7 41. Rg6 Re7 42. Rb4 Re2 43. Rg5 Rd7 44. a4 Rd5 45. Rbg4 Rd7
46. axb5 axb5 47. b4 Re3 48. Kg1 Rf7 49. Rd4 Re1+ 50. Kh2 Rb1 51. Kg3 Rc7 52.
Rg6 Rb3+ 53. Kf2 Re7 54. Ke2 Kf7 55. Rgg4 Ra7 56. Kf2 Rb2+ 57. Kg3 Re2 58. Kf4
Rf2+ 59. Ke3 Rf5 60. Ke4 Rc7 61. Rg3 Rh5 62. Rf3+ Ke7 63. g4 Rh4 64. Kf4 Rc1
65. Kg5 Rh6 66. Rdf4 Kd7 67. Rf7+ Kc6 68. Rd3 Kb6 69. Rxg7 Rh2 70. Re7 Rc6 71.
Rdd7 Rc8 72. Rxe6+ Rc6 73. Rxc6+ Kxc6 74. Rd4 Re2 75. Kf6 Rf2+ 76. Ke7 1-0

[Event "Russia-chB (Women)"]
[Site "Kolontaevo"]
[Date "1998.??.??"]
[Round "?"]
[White "Melnik, Galina Ivanovna"]
[Black "Kosteniuk, Alexandra"]
[Result "1/2-1/2"]
[WhiteElo "2065"]
[BlackElo "2260"]
[PlyCount "33"]
[EventDate "1998.??.??"]
[EventType "swiss"]
[EventRounds "9"]
[EventCountry "RUS"]
[SourceTitle "EXT 2000"]
[Source "ChessBase"]
[SourceDate "1999.11.16"]
[SourceVersion "1"]
[SourceVersionDate "1999.11.16"]
[SourceQuality "1"]

1. d4 d6 2. c4 e5 3. dxe5 dxe5 4. Qxd8+ Kxd8 5. Nf3 f6 6. e4 Be6 7. Be3 c6 8.
Nc3 Kc7 9. a3 a5 10. Be2 Nd7 11. Na4 Ne7 12. Nd2 b6 13. O-O Nc8 14. Rac1 Be7
15. Rfd1 Rb8 16. Nc3 Kb7 17. Rb1 1/2-1/2

[Event "Russia-chB (Women)"]
[Site "Kolontaevo"]
[Date "1998.??.??"]
[Round "?"]
[White "Peshkova, Tatiana"]
[Black "Kosteniuk, Alexandra"]
[Result "1/2-1/2"]
[WhiteElo "2020"]
[BlackElo "2260"]
[PlyCount "63"]
[EventDate "1998.??.??"]
[EventType "swiss"]
[EventRounds "9"]
[EventCountry "RUS"]
[SourceTitle "EXT 2000"]
[Source "ChessBase"]
[SourceDate "1999.11.16"]
[SourceVersion "1"]
[SourceVersionDate "1999.11.16"]
[SourceQuality "1"]

1. e4 c5 2. Nf3 g6 3. d4 Bg7 4. c4 cxd4 5. Nxd4 Nf6 6. Nc3 d6 7. Be2 Nc6 8. Be3
O-O 9. O-O Bd7 10. Rc1 a6 11. Qd2 Rc8 12. f3 Qa5 13. Rfd1 Rfe8 14. a3 Nxd4 15.
Bxd4 Be6 16. b4 Qh5 17. Nd5 Nxd5 18. cxd5 Bd7 19. Bxg7 Kxg7 20. Rc3 Rxc3 21.
Qxc3+ Kg8 22. Qc7 Ba4 23. Re1 Qh4 24. g3 Qh6 25. Qxb7 Qe3+ 26. Kg2 Bb5 27. Bxb5
Qxe1 28. Bxe8 Qd2+ 29. Kh3 Qh6+ 30. Kg4 Qh5+ 31. Kf4 Qh6+ 32. Kg4 1/2-1/2

[Event "Wch U14 Disney Girls"]
[Site "Paris"]
[Date "1998.??.??"]
[Round "3"]
[White "Babic, Marijana"]
[Black "Kosteniuk, Alexandra"]
[Result "1/2-1/2"]
[WhiteElo "2141"]
[BlackElo "2260"]
[PlyCount "119"]
[EventDate "1998.??.??"]
[EventType "swiss (rapid)"]
[EventRounds "9"]
[EventCountry "FRA"]
[SourceTitle "EXT 2000"]
[Source "ChessBase"]
[SourceDate "1999.11.16"]
[SourceVersion "1"]
[SourceVersionDate "1999.11.16"]
[SourceQuality "1"]

1. e4 d5 2. exd5 Qxd5 3. Nc3 Qa5 4. d4 Nf6 5. Nf3 Bg4 6. h3 Bh5 7. Be2 Nc6 8.
O-O O-O-O 9. Be3 e6 10. a3 Nd5 11. Nxd5 Qxd5 12. c3 f6 13. Nd2 Bxe2 14. Qxe2 e5
15. dxe5 Nxe5 16. Rad1 Qd3 17. Qxd3 Rxd3 18. Nb3 Bd6 19. Bc5 Rd8 20. Bxd6 R3xd6
21. Rxd6 Rxd6 22. Re1 c6 23. Nd4 Rd7 24. f4 Ng6 25. g3 Re7 26. Rxe7 Nxe7 27.
Ne6 g6 28. Kf2 Kd7 29. Nc5+ Kc7 30. Ke3 b6 31. Ne4 f5 32. Ng5 h6 33. Nf7 h5 34.
Ne5 Kd6 35. h4 Kd5 36. c4+ Kd6 37. Kd4 c5+ 38. Kc3 Ke6 39. a4 Kd6 40. b3 Ke6
41. Kd3 Kd6 42. Kc3 Kc7 43. Kd3 Kd6 44. Kc3 Kc7 45. Kd3 Kd8 46. Kc3 Ke8 47. Kd3
Kd8 48. Kc3 Kc8 49. Kd3 Kb7 50. Kc3 Kc8 51. Kd3 Kc7 52. Kc3 Kd8 53. Kd3 Ke8 54.
Kc3 Kd8 55. Kd3 Kc8 56. Kc3 Kb7 57. Kd3 Kc7 58. Kc3 Kd8 59. Kd3 Nc8 60. Kc3
1/2-1/2

[Event "Wch U14 Disney Girls"]
[Site "Paris"]
[Date "1998.??.??"]
[Round "7"]
[White "Gara, Ticia"]
[Black "Kosteniuk, Alexandra"]
[Result "0-1"]
[WhiteElo "2235"]
[BlackElo "2260"]
[PlyCount "212"]
[EventDate "1998.??.??"]
[EventType "swiss (rapid)"]
[EventRounds "9"]
[EventCountry "FRA"]
[SourceTitle "EXT 2000"]
[Source "ChessBase"]
[SourceDate "1999.11.16"]
[SourceVersion "1"]
[SourceVersionDate "1999.11.16"]
[SourceQuality "1"]

1. e4 d5 2. exd5 Qxd5 3. Nc3 Qa5 4. d4 Nf6 5. Nf3 Bg4 6. h3 Bh5 7. g4 Bg6 8.
Ne5 e6 9. Bg2 c6 10. h4 Be4 11. Bxe4 Nxe4 12. Qf3 Nd6 13. Bd2 Qb6 14. O-O-O Nd7
15. Nxd7 Kxd7 16. Na4 Qb5 17. Nc5+ Kc8 18. Bf4 Nc4 19. b3 Na3 20. Kb2 Nc4+ 21.
Ka1 Na3 22. Rd2 Be7 23. Qe4 Qb4 24. Rh3 Nb5 25. c4 Nd6 26. Bxd6 Bxd6 27. Qe3
Rd8 28. Ne4 Bc7 29. Rf3 Qe7 30. g5 Ba5 31. Rd1 Bb6 32. c5 Bc7 33. Qc3 a5 34.
Qc4 h6 35. Rg1 h5 36. Ng3 g6 37. Ne4 Qd7 38. Rd1 Qe7 39. Rf6 Rd5 40. Rd3 Rf5
41. Rf3 Rxf3 42. Rxf3 Qd7 43. Nf6 Qe7 44. Ne4 Qd7 45. Nd6+ Bxd6 46. cxd6 b5 47.
Qc5 Kb7 48. Qe5 a4 49. b4 Ka6 50. Rc3 Rd8 51. Qc5 Kb7 52. Rf3 Ka6 53. Kb2 Qxd6
54. Qxd6 Rxd6 55. Kc3 Rd7 56. Rf6 Kb6 57. Kd3 Kc7 58. Ke4 Kd6 59. Rf3 Re7 60.
Rc3 e5 61. dxe5+ Rxe5+ 62. Kf4 Re2 63. Rd3+ Kc7 64. a3 Rxf2+ 65. Kg3 Rf5 66.
Re3 Kd6 67. Rd3+ Rd5 68. Rf3 Ke6 69. Re3+ Re5 70. Rc3 Kd5 71. Rc5+ Kd6 72. Rc3
c5 73. bxc5+ Rxc5 74. Rd3+ Rd5 75. Rf3 Ke6 76. Re3+ Re5 77. Rc3 Rd5 78. Re3+
Kd7 79. Rf3 Ke7 80. Re3+ Kd6 81. Rf3 Ke6 82. Rf6+ Ke7 83. Rf3 Rd2 84. Re3+ Kf8
85. Rc3 Rb2 86. Rc8+ Kg7 87. Rb8 Rb3+ 88. Kf4 Rxa3 89. Rxb5 Rc3 90. Ra5 Rc4+
91. Kg3 Kf8 92. Ra7 Rd4 93. Kh3 Ke8 94. Kh2 a3 95. Kg2 Rd2+ 96. Kg3 a2 97. Kh3
Kd8 98. Kg3 Kc8 99. Kh3 Kb8 100. Ra3 Kb7 101. Kg3 Kb6 102. Kh3 Kb5 103. Kg3 Kb4
104. Ra7 Kb3 105. Kf4 Kb2 106. Ke5 a1=Q 0-1

[Event "Wch U14 Disney Girls"]
[Site "Paris"]
[Date "1998.??.??"]
[Round "8"]
[White "Kosteniuk, Alexandra"]
[Black "Zaksaite, Salomeja"]
[Result "1-0"]
[WhiteElo "2260"]
[BlackElo "2035"]
[PlyCount "71"]
[EventDate "1998.??.??"]
[EventType "swiss (rapid)"]
[EventRounds "9"]
[EventCountry "FRA"]
[SourceTitle "EXT 2000"]
[Source "ChessBase"]
[SourceDate "1999.11.16"]
[SourceVersion "1"]
[SourceVersionDate "1999.11.16"]
[SourceQuality "1"]

1. e4 c5 2. Nf3 e6 3. c4 Nc6 4. Nc3 Nf6 5. Be2 Be7 6. O-O O-O 7. d4 cxd4 8.
Nxd4 a6 9. Be3 d6 10. Rc1 Qc7 11. f4 e5 12. fxe5 dxe5 13. Nf5 Bxf5 14. Rxf5
Rfd8 15. Nd5 Qd7 16. Qf1 Rab8 17. Rd1 Qe6 18. Bb6 Rf8 19. Nxf6+ Bxf6 20. Qf2
Nd4 21. Bxd4 exd4 22. Bd3 Rfd8 23. Rf1 Rd7 24. Qf4 Re8 25. Qg4 Be5 26. Rxe5
Qxe5 27. Qxd7 Rf8 28. Qxb7 Qg5 29. Qb3 Qe3+ 30. Kh1 g6 31. c5 Kg7 32. Bxa6 Qxe4
33. Qd3 Qd5 34. b4 Rd8 35. Bc4 Ra8 36. Qd1 1-0

[Event "RUS-ch (Women)"]
[Site "Elista"]
[Date "1998.04.20"]
[Round "1.1"]
[White "Kosteniuk, Alexandra"]
[Black "Grabuzova, Tatiana"]
[Result "1-0"]
[WhiteElo "2260"]
[BlackElo "2340"]
[PlyCount "129"]
[EventDate "1998.04.20"]
[EventType "k.o."]
[EventRounds "5"]
[EventCountry "RUS"]
[SourceTitle "CBM 064 Extra"]
[Source "ChessBase"]
[SourceDate "1998.07.07"]
[SourceVersion "1"]
[SourceVersionDate "1998.07.07"]
[SourceQuality "1"]

1. e4 e6 2. d4 d5 3. Nd2 c5 4. exd5 exd5 5. Ngf3 Nf6 6. Bb5+ Bd7 7. Bxd7+ Nbxd7
8. O-O Be7 9. Re1 O-O 10. Nf1 Ne4 11. dxc5 Ndf6 12. Be3 Bxc5 13. Bxc5 Nxc5 14.
Ne3 Re8 15. c3 Qb6 16. Qc2 Qa6 17. Red1 Qa4 18. Qxa4 Nxa4 19. Rab1 Nb6 20. Rd4
Re4 21. Rbd1 Rc8 22. Nxd5 Nbxd5 23. Rxe4 Nxe4 24. Rxd5 Kf8 25. Kf1 Rc6 26. Ne5
Ra6 27. f3 Nd6 28. c4 Ke7 29. c5 Nf5 30. Ng4 g6 31. Re5+ Kd7 32. a3 Rc6 33. b4
Ra6 34. Rd5+ Ke7 35. Rd3 Re6 36. f4 Re4 37. g3 f6 38. Nf2 Rc4 39. Nd1 Rc2 40.
g4 Ng7 41. Re3+ Kd7 42. Rh3 h5 43. f5 Ke7 44. fxg6 hxg4 45. Rh7 Kf8 46. Ne3
Rc1+ 47. Ke2 f5 48. Rh8+ Ke7 49. Rb8 Kf6 50. Rxb7 Kxg6 51. Rxa7 Ne6 52. Ra6 Kf6
53. Rd6 Ke5 54. Rd1 Rc3 55. Kd2 Rb3 56. Re1 Nd4 57. Nc2+ Kd5 58. Nxd4 Kxd4 59.
c6 Rb2+ 60. Kc1 Rxh2 61. c7 Rh8 62. Rd1+ Ke4 63. Rd8 Rh1+ 64. Kd2 Rh2+ 65. Ke1
1-0

[Event "RUS-ch (Women)"]
[Site "Elista"]
[Date "1998.04.21"]
[Round "1.2"]
[White "Grabuzova, Tatiana"]
[Black "Kosteniuk, Alexandra"]
[Result "1/2-1/2"]
[WhiteElo "2340"]
[BlackElo "2260"]
[PlyCount "105"]
[EventDate "1998.04.20"]
[EventType "k.o."]
[EventRounds "5"]
[EventCountry "RUS"]
[SourceTitle "CBM 064 Extra"]
[Source "ChessBase"]
[SourceDate "1998.07.07"]
[SourceVersion "1"]
[SourceVersionDate "1998.07.07"]
[SourceQuality "1"]

1. d4 d6 2. e4 Nf6 3. f3 c6 4. c4 e5 5. d5 cxd5 6. cxd5 Qb6 7. Nc3 Be7 8. Bb5+
Bd7 9. Qe2 O-O 10. Be3 Bxb5 11. Nxb5 Qa5+ 12. Nc3 Nbd7 13. Nh3 Rfc8 14. O-O Nb6
15. Qb5 Qxb5 16. Nxb5 Nfd7 17. Rfc1 a6 18. Na3 Rxc1+ 19. Rxc1 Rc8 20. Rxc8+
Nxc8 21. Nc4 Bd8 22. a4 Ndb6 23. Nxb6 Bxb6 24. Kf2 f6 25. b3 Kf7 26. Ke2 Bxe3
27. Kxe3 Nb6 28. Kd3 g6 29. Kc3 h6 30. Kb4 Nd7 31. Ka5 f5 32. Nf2 Ke7 33. exf5
gxf5 34. g4 fxg4 35. Nxg4 h5 36. Ne3 Kd8 37. b4 Kc7 38. b5 b6+ 39. Kb4 a5+ 40.
Kc4 Nc5 41. Nf5 Nxa4 42. h4 Nc5 43. Ng3 a4 44. Nxh5 a3 45. Kc3 e4 46. fxe4
Nxe4+ 47. Kb3 Nd2+ 48. Kxa3 Nf3 49. Kb4 Nxh4 50. Kc4 Nf3 51. Nf6 Nd2+ 52. Kd3
Nb3 53. Kc4 1/2-1/2

[Event "RUS-ch (Women)"]
[Site "Elista"]
[Date "1998.04.22"]
[Round "2.1"]
[White "Galliamova, Alisa"]
[Black "Kosteniuk, Alexandra"]
[Result "1-0"]
[WhiteElo "2505"]
[BlackElo "2260"]
[PlyCount "87"]
[EventDate "1998.04.20"]
[EventType "k.o."]
[EventRounds "5"]
[EventCountry "RUS"]
[SourceTitle "CBM 064 Extra"]
[Source "ChessBase"]
[SourceDate "1998.07.07"]
[SourceVersion "1"]
[SourceVersionDate "1998.07.07"]
[SourceQuality "1"]

1. e4 g6 2. d4 Bg7 3. g3 c5 4. d5 d6 5. Bg2 Nf6 6. Ne2 O-O 7. O-O e6 8. dxe6
fxe6 9. Na3 Nc6 10. c3 Ne8 11. Be3 Rb8 12. Qd2 b5 13. Rad1 b4 14. cxb4 Rxb4 15.
b3 Ba6 16. Rfe1 Bxe2 17. Qxe2 Nd4 18. Qd3 Qa5 19. Nc2 Nxc2 20. Qxc2 Bd4 21. Bf1
Bxe3 22. Rxe3 Rd4 23. Bc4 Ng7 24. Red3 Rxd3 25. Qxd3 Rd8 26. Qe3 Qxa2 27. Qc3
Qa3 28. Qf6 Rf8 29. Bxe6+ Nxe6 30. Qxe6+ Rf7 31. f4 Qb4 32. Kg2 Qb5 33. Kf2 Qd7
34. Rxd6 Qxe6 35. Rxe6 Rb7 36. Ra6 Rxb3 37. Rxa7 Rb2+ 38. Ke3 Rxh2 39. Rc7 Rg2
40. Kf3 Rc2 41. e5 Rc3+ 42. Ke4 Rxg3 43. e6 Rh3 44. Rc8+ 1-0

[Event "RUS-ch (Women)"]
[Site "Elista"]
[Date "1998.04.23"]
[Round "2.2"]
[White "Kosteniuk, Alexandra"]
[Black "Galliamova, Alisa"]
[Result "0-1"]
[WhiteElo "2260"]
[BlackElo "2505"]
[PlyCount "58"]
[EventDate "1998.04.20"]
[EventType "k.o."]
[EventRounds "5"]
[EventCountry "RUS"]
[SourceTitle "CBM 064 Extra"]
[Source "ChessBase"]
[SourceDate "1998.07.07"]
[SourceVersion "1"]
[SourceVersionDate "1998.07.07"]
[SourceQuality "1"]

1. e4 c5 2. c4 Nc6 3. Nc3 g6 4. g3 Bg7 5. Bg2 a6 6. Nge2 Rb8 7. a4 e6 8. d3
Nge7 9. Rb1 O-O 10. h4 Nd4 11. h5 Nec6 12. Nxd4 cxd4 13. Na2 b5 14. b4 bxc4 15.
dxc4 d5 16. exd5 exd5 17. O-O Bf5 18. Rb2 Be4 19. Bf4 Bxg2 20. Kxg2 dxc4 21.
Bxb8 Qxb8 22. Rb1 Qd6 23. b5 axb5 24. axb5 Ne5 25. b6 c3 26. b7 Qc6+ 27. Kg1 c2
28. Nb4 cxd1=Q 29. Nxc6 Qxf1+ 0-1

[Event "Hoogovens op-C"]
[Site "Wijk aan Zee"]
[Date "1999.??.??"]
[Round "1"]
[White "Perez Garcia, Hebert"]
[Black "Kosteniuk, Alexandra"]
[Result "0-1"]
[WhiteElo "2190"]
[BlackElo "2270"]
[PlyCount "84"]
[EventDate "1999.01.??"]
[EventType "swiss"]
[EventRounds "9"]
[EventCountry "NED"]
[SourceTitle "EXT 2000"]
[Source "ChessBase"]
[SourceDate "1999.11.16"]
[SourceVersion "1"]
[SourceVersionDate "1999.11.16"]
[SourceQuality "1"]

1. e4 d5 2. exd5 Qxd5 3. Nc3 Qa5 4. Rb1 Nf6 5. b4 Qb6 6. Nf3 Bg4 7. Be2 e6 8.
O-O c6 9. Ne5 Bxe2 10. Qxe2 Nbd7 11. Nc4 Qc7 12. d4 Be7 13. Rb3 O-O 14. Ne4
Nxe4 15. Qxe4 Nf6 16. Qe2 Rfd8 17. Rd1 Nd5 18. a3 Bf6 19. Rf3 b5 20. Ne5 c5 21.
bxc5 Bxe5 22. dxe5 Qxc5 23. Rfd3 Rdc8 24. Qg4 Qc4 25. Qg3 Qe4 26. c3 Rc4 27. h3
Rac8 28. Bd2 Qf5 29. Rd4 Qg6 30. Qf3 h6 31. Kh2 Qc2 32. Be1 Qb3 33. R1d3 Qxa3
34. Bd2 Qe7 35. Rxd5 exd5 36. Qxd5 R4c5 37. Qf3 Qxe5+ 38. Bf4 Qf6 39. Qg3 Qg6
40. Qe3 R5c6 41. Be5 Re6 42. f4 f6 0-1

[Event "Hoogovens op-C"]
[Site "Wijk aan Zee"]
[Date "1999.??.??"]
[Round "2"]
[White "Kosteniuk, Alexandra"]
[Black "Danailov, Silvio"]
[Result "0-1"]
[WhiteElo "2270"]
[BlackElo "2450"]
[PlyCount "92"]
[EventDate "1999.01.??"]
[EventType "swiss"]
[EventRounds "9"]
[EventCountry "NED"]
[SourceTitle "EXT 2000"]
[Source "ChessBase"]
[SourceDate "1999.11.16"]
[SourceVersion "1"]
[SourceVersionDate "1999.11.16"]
[SourceQuality "1"]

1. e4 c5 2. Nf3 Nc6 3. Bb5 Na5 4. O-O a6 5. Be2 e6 6. c4 Qc7 7. b3 Nc6 8. Bb2
Nf6 9. Nc3 Bd6 10. Kh1 h5 11. h3 b6 12. d4 cxd4 13. Nxd4 Nxd4 14. Qxd4 Bb7 15.
Bf3 Be5 16. Nb5 axb5 17. Qxe5 Qxe5 18. Bxe5 bxc4 19. Bxf6 gxf6 20. bxc4 Kd8 21.
Rfb1 Kc7 22. Rb2 h4 23. Rab1 Bc6 24. Rxb6 Rxa2 25. R6b2 Rxb2 26. Rxb2 Kd6 27.
Kh2 Ke5 28. Rd2 Rb8 29. Bh5 Rf8 30. Bf3 Rh8 31. Be2 Kf4 32. Bf3 Rg8 33. Rd4 Ke5
34. Rd2 Rg5 35. Rb2 f5 36. exf5 Bxf3 37. gxf3 Rxf5 38. Re2+ Kf4 39. Re4+ Kxf3
40. Rd4 Kxf2 41. Rxd7 Ke3 42. Rc7 e5 43. c5 e4 44. c6 Rf2+ 45. Kg1 f5 46. Rh7
Rc2 0-1

[Event "Hoogovens op-C"]
[Site "Wijk aan Zee"]
[Date "1999.??.??"]
[Round "3"]
[White "Krnic, Zdenko"]
[Black "Kosteniuk, Alexandra"]
[Result "1/2-1/2"]
[WhiteElo "2420"]
[BlackElo "2270"]
[PlyCount "71"]
[EventDate "1999.01.??"]
[EventType "swiss"]
[EventRounds "9"]
[EventCountry "NED"]
[SourceTitle "EXT 2000"]
[Source "ChessBase"]
[SourceDate "1999.11.16"]
[SourceVersion "1"]
[SourceVersionDate "1999.11.16"]
[SourceQuality "1"]

1. Nf3 f5 2. c4 Nf6 3. Nc3 d6 4. d4 g6 5. Qc2 Bg7 6. Bg5 O-O 7. e3 Nc6 8. O-O-O
a5 9. a3 Bd7 10. Bd3 Qe8 11. Bxf6 Bxf6 12. Nd5 Rc8 13. Nxf6+ Rxf6 14. e4 e5 15.
exf5 Bxf5 16. Bxf5 Rxf5 17. dxe5 Nxe5 18. Rhe1 Qf8 19. Nxe5 Rxf2 20. Rd2 Rxd2
21. Qxd2 dxe5 22. Qd5+ Qf7 23. Rxe5 b6 24. Qe4 Qf1+ 25. Kc2 Rd8 26. Re8+ Rxe8
27. Qxe8+ Kg7 28. Qe5+ Kh6 29. Qxc7 Qxg2+ 30. Kb3 a4+ 31. Kxa4 Qxb2 32. Qg3 Qd4
33. Kb3 Qd1+ 34. Kc3 Qa1+ 35. Kb3 Qd1+ 36. Kc3 1/2-1/2

[Event "Hoogovens op-C"]
[Site "Wijk aan Zee"]
[Date "1999.??.??"]
[Round "4"]
[White "Mestrovic, Zvonimir"]
[Black "Kosteniuk, Alexandra"]
[Result "1/2-1/2"]
[WhiteElo "2450"]
[BlackElo "2270"]
[PlyCount "112"]
[EventDate "1999.01.??"]
[EventType "swiss"]
[EventRounds "9"]
[EventCountry "NED"]
[SourceTitle "EXT 2000"]
[Source "ChessBase"]
[SourceDate "1999.11.16"]
[SourceVersion "1"]
[SourceVersionDate "1999.11.16"]
[SourceQuality "1"]

1. Nc3 c5 2. Nf3 Nc6 3. g3 g6 4. d3 Bg7 5. Bd2 d5 6. Bg2 Nf6 7. Qc1 O-O 8. Bh6
e5 9. Bxg7 Kxg7 10. e4 d4 11. Ne2 c4 12. O-O cxd3 13. cxd3 Bd7 14. b4 Qb6 15.
Rb1 Rfe8 16. Nh4 Qb5 17. Qd2 a5 18. bxa5 Qxa5 19. Qxa5 Rxa5 20. Nc1 b5 21. f4
Rc8 22. Nf3 Be6 23. Ng5 Bd7 24. Rb2 Rca8 25. Rc2 h6 26. Nf3 Nb4 27. Rc7 R8a7
28. Rxa7 Rxa7 29. Nxe5 Be6 30. Nf3 Rd7 31. h3 Nxa2 32. Nxa2 Bxa2 33. Ra1 Bb3
34. Rb1 Bc2 35. Rb4 Ra7 36. Rxd4 Ra4 37. e5 Nh5 38. Kh2 Rxd4 39. Nxd4 Bxd3 40.
Bf3 Kf8 41. Bxh5 gxh5 42. Kg2 b4 43. Kf3 h4 44. gxh4 Bf5 45. Ke3 Bxh3 46. Kd3
f6 47. Kc4 Kf7 48. Kxb4 fxe5 49. fxe5 Kg6 50. Kc5 Kh5 51. Nf3 Bg4 52. Nh2 Bh3
53. Kd6 Kxh4 54. e6 Bxe6 55. Kxe6 Kg3 56. Nf1+ Kf2 1/2-1/2

[Event "Hoogovens op-C"]
[Site "Wijk aan Zee"]
[Date "1999.??.??"]
[Round "5"]
[White "Kosteniuk, Alexandra"]
[Black "Vul, Arkadi Eremeevich"]
[Result "1/2-1/2"]
[WhiteElo "2275"]
[BlackElo "2445"]
[PlyCount "121"]
[EventDate "1999.01.??"]
[EventType "swiss"]
[EventRounds "9"]
[EventCountry "NED"]
[SourceTitle "EXT 2000"]
[Source "ChessBase"]
[SourceDate "1999.11.16"]
[SourceVersion "1"]
[SourceVersionDate "1999.11.16"]
[SourceQuality "1"]

1. e4 e5 2. Bc4 Nf6 3. d3 c6 4. Nf3 d5 5. Bb3 Bb4+ 6. Bd2 Bxd2+ 7. Nbxd2 Bg4 8.
h3 Bxf3 9. Qxf3 O-O 10. O-O Qd6 11. exd5 cxd5 12. Rae1 Nc6 13. Qf5 Rae8 14. c3
g6 15. Qf3 Kg7 16. Rd1 Re7 17. Rfe1 Rd8 18. Nf1 Nh5 19. Ne3 Nf4 20. g3 Nxh3+
21. Kg2 Ng5 22. Qg4 f6 23. Nxd5 Qe6 24. Qxe6 Rxe6 25. f4 exf4 26. Nxf4 Red6 27.
d4 f5 28. Ne6+ Nxe6 29. Rxe6 Rxe6 30. Bxe6 Kf6 31. Bb3 Na5 32. Bc2 Nc4 33. Kf3
Re8 34. d5 Ne5+ 35. Ke3 Ng4+ 36. Kd2 Ne3 37. Rh1 Nxd5 38. Rxh7 Re7 39. Rxe7
Nxe7 40. Ke3 Ke5 41. Bd3 Nd5+ 42. Kf2 g5 43. Bc4 Nf6 44. Be2 Ne4+ 45. Kg2 Nc5
46. Bd1 Nd3 47. b4 Nc1 48. a3 b6 49. Kf3 f4 50. gxf4+ gxf4 51. Bc2 b5 52. Bb1
a6 53. Kf2 Kd5 54. Kf3 Kc4 55. Kxf4 Kxc3 56. Be4 Nd3+ 57. Ke3 Nxb4 58. axb4
Kxb4 59. Kd4 a5 60. Bc6 a4 61. Bxb5 1/2-1/2

[Event "Hoogovens op-C"]
[Site "Wijk aan Zee"]
[Date "1999.??.??"]
[Round "6"]
[White "Van Delft, Merijn"]
[Black "Kosteniuk, Alexandra"]
[Result "1/2-1/2"]
[WhiteElo "2315"]
[BlackElo "2270"]
[PlyCount "128"]
[EventDate "1999.01.??"]
[EventType "swiss"]
[EventRounds "9"]
[EventCountry "NED"]
[SourceTitle "EXT 2000"]
[Source "ChessBase"]
[SourceDate "1999.11.16"]
[SourceVersion "1"]
[SourceVersionDate "1999.11.16"]
[SourceQuality "1"]

1. e4 c5 2. Nf3 e6 3. d4 cxd4 4. Nxd4 a6 5. Bd3 Nf6 6. O-O d6 7. c4 Nbd7 8. Nc3
Be7 9. b3 Qc7 10. Bb2 b6 11. Qe2 Bb7 12. Rad1 O-O 13. Kh1 Rfe8 14. Bb1 Bf8 15.
f4 Rac8 16. Rd3 g6 17. Rh3 Bg7 18. Nf3 Nf8 19. e5 N6d7 20. Be4 Nc5 21. Bxb7
Nxb7 22. Ne4 d5 23. cxd5 exd5 24. Nc3 Rcd8 25. Nd4 Nc5 26. b4 Nce6 27. Nxe6
Nxe6 28. Qd2 Qc4 29. Rd3 Bh6 30. g3 Nc7 31. Ne2 Ne6 32. Nd4 Nxd4 33. Bxd4 Rc8
34. Rd1 Qb5 35. a3 Qc6 36. Qf2 b5 37. Kg1 Bg7 38. Bc5 Rcd8 39. Qg2 f6 40. exf6
Bxf6 41. Rxd5 Rxd5 42. Qxd5+ Qxd5 43. Rxd5 Re1+ 44. Kg2 Rc1 45. f5 gxf5 46.
Rxf5 Rc2+ 47. Kh3 Kg7 48. Rd5 Rc3 49. Rd7+ Kg8 50. Rd6 Be7 51. Rxa6 Bxc5 52.
bxc5 Rxc5 53. Ra5 Rc3 54. Kh4 Rb3 55. g4 b4 56. axb4 Rxb4 57. Ra7 Rb6 58. Kh5
Rb5+ 59. g5 Rb2 60. h4 Rb4 61. Ra3 Kg7 62. Rg3 Ra4 63. Rg4 Rxg4 64. Kxg4 h6
1/2-1/2

[Event "Hoogovens op-C"]
[Site "Wijk aan Zee"]
[Date "1999.??.??"]
[Round "7"]
[White "Kosteniuk, Alexandra"]
[Black "Popov, Luben"]
[Result "1-0"]
[WhiteElo "2270"]
[BlackElo "2355"]
[PlyCount "81"]
[EventDate "1999.01.??"]
[EventType "swiss"]
[EventRounds "9"]
[EventCountry "NED"]
[SourceTitle "EXT 2000"]
[Source "ChessBase"]
[SourceDate "1999.11.16"]
[SourceVersion "1"]
[SourceVersionDate "1999.11.16"]
[SourceQuality "1"]

1. e4 Nf6 2. Nc3 d5 3. e5 d4 4. Nce2 Ne4 5. c3 Nc6 6. cxd4 Ng5 7. f4 Ne6 8. Nf3
Nexd4 9. Nexd4 Nxd4 10. Qa4+ Nc6 11. Bb5 Bd7 12. e6 Bxe6 13. Ne5 Bd7 14. Nxc6
bxc6 15. Bxc6 e6 16. b3 Be7 17. Bb2 Bf6 18. Bxf6 gxf6 19. Rc1 Rc8 20. Bxd7+
Qxd7 21. Qxa7 O-O 22. Qe3 Rfd8 23. Qg3+ Kf8 24. Qc3 Kg7 25. Rf1 Qd5 26. Rf3
Qe4+ 27. Qe3 Qf5 28. Kf1 Rd6 29. d3 Qa5 30. f5 Qxa2 31. Rg3+ Kf8 32. fxe6 Rxe6
33. Qc5+ Rd6 34. Qf5 Re6 35. Qc5+ Rd6 36. Re1 Qxb3 37. Qh5 Re6 38. Qc5+ Rd6 39.
Qf5 Rcd8 40. Qxh7 Re6 41. Rxe6 1-0

[Event "Hoogovens op-C"]
[Site "Wijk aan Zee"]
[Date "1999.??.??"]
[Round "9"]
[White "Naiditsch, Arkadij"]
[Black "Kosteniuk, Alexandra"]
[Result "1/2-1/2"]
[WhiteElo "2425"]
[BlackElo "2270"]
[PlyCount "122"]
[EventDate "1999.01.??"]
[EventType "swiss"]
[EventRounds "9"]
[EventCountry "NED"]
[SourceTitle "EXT 2000"]
[Source "ChessBase"]
[SourceDate "1999.11.16"]
[SourceVersion "1"]
[SourceVersionDate "1999.11.16"]
[SourceQuality "1"]

1. e4 d5 2. exd5 Qxd5 3. Nc3 Qa5 4. Nf3 Nf6 5. Be2 Bg4 6. h3 Bh5 7. b4 Qb6 8.
O-O e6 9. Rb1 Be7 10. d4 c6 11. b5 Nbd7 12. bxc6 Qxc6 13. Rb3 O-O 14. Bg5 Bd8
15. Qc1 Bg6 16. Nh4 Ne4 17. Nxg6 Nxc3 18. Rxc3 Qxc3 19. Nxf8 Nxf8 20. Be3 Bb6
21. Rd1 Rc8 22. Bd3 Rd8 23. Qd2 Qxd2 24. Rxd2 Ng6 25. g4 f5 26. gxf5 Nh4 27.
Be4 Nxf5 28. Bxb7 Bxd4 29. Bxd4 Rxd4 30. Rxd4 Nxd4 31. Be4 Ne2+ 32. Kf1 Nc3 33.
Bd3 Nxa2 34. Bc4 Nc3 35. Bxe6+ Kf8 36. Ke1 Ke7 37. Bg8 h6 38. Kd2 Ne4+ 39. Ke3
Nf6 40. Bb3 Kd6 41. Kd4 Nd7 42. Ba4 Nc5 43. Be8 Ne6+ 44. Kc4 Ke5 45. Bd7 Ng5
46. Kb5 Ne4 47. f3 Nd2 48. Bc6 Kd4 49. Kb4 g5 50. c3+ Kd3 51. c4 Kd4 52. Bd5
a5+ 53. Kb5 a4 54. Bg8 Nxf3 55. Kxa4 Kc5 56. Kb3 Nd4+ 57. Kc3 Ne2+ 58. Kd2 Nf4
59. h4 gxh4 60. Ke3 Nh5 61. Kf2 Nf4 1/2-1/2